Anatómia

Bibliographic Details
Main Author: Miklošová, Mária (Author)
Format: Book
Language:Slovak
PhysicalDescription:327 s. ilustr. 24 cm
Published: Košice Univerzita Pavla Jozefa Šafárika 2011
ISBN:9788070978764
Edition:2. dopl. a preprac. vyd
Subjects:

MARC

LEADER 00000cam a2200000 a 4500
001 vtls010305753
003 SK-MaSNL
005 20260301032015.0
008 240313s2011 xo a e p 001 0 slo
015 |a SNBA2011/10-05442 
020 |a 9788070978764  |q (brož.) 
035 |a D3D08564-AD9D-4844-84DB-C8588742317A 
035 |a urn:nbn:sk:snk-amjijn 
035 |a urn:nbn:sk:snk-am001z53 
040 |a SNK  |b slo  |c SNK  |e AACR2 
041 0 |a slo 
044 |a xo  |c SK 
072 7 |a 611  |x Anatómia človeka a porovnávacia anatómia  |2 konspekt 
080 |a (075.8)  |2 2001 
080 |a 611  |2 2001 
100 1 |a Miklošová, Mária  |4 aut  |9 12967 
245 1 0 |a Anatómia  |c Mária Miklošová 
250 |a 2. dopl. a preprac. vyd 
260 |a Košice  |b Univerzita Pavla Jozefa Šafárika  |c 2011 
300 |a 327 s.  |b ilustr.  |c 24 cm 
366 |e 500 výt. 
504 |a Bibliogr. s. 326-327. Reg. Lat.-slov. (prekl.) slovník 
650 0 7 |a anatómia človeka  |2 SNKPH  |9 711 
650 0 7 |a Human anatomy  |2 SNKPHeng  |9 74119 
655 7 |a učebnice vysokých škôl  |2 SNKPH  |9 70191 
655 7 |a Textbooks (higher)  |2 SNKPHeng  |9 276436 
852 |a Štátna vedecká knižnica v Banskej Bystrici 
919 |a 978-80-7097-876-4 
958 |a MI 
958 |a NB 
958 |a OND 
968 |d 61 
999 |c 577659  |d 579589 
952 |a SNK  |b SNK  |y PREZ  |7 0  |p 17A0717697  |o snkSC 146724  |i snk2011/18936  |8 0  |0 0  |1 0  |4 0  |d 2011-09-13  |l 0  |r 2025-07-15 00:00:00  |w 2026-02-23 
952 |a SNK  |b SNK  |y VYP  |7 0  |p 17A0717696  |o snkSC 146724 D1  |i snk2011/18937  |8 0  |0 0  |1 0  |4 0  |d 2011-09-13  |l 0  |r 2026-02-23 14:38:52  |w 2026-02-23